Najrzadziej zaludnione województwa - Statystyki

Ogólne statystyki
  • Ten quiz został rozwiązany 108 razy
  • Średni wynik to 5 z 6
Statystyki odpowiedzi
osób/km² Województwo % Poprawnych
58,53 Podlaskie
89%
62,55 Lubuskie
87%
59,11 Warmińsko-Mazurskie
81%
104,82 Opolskie
76%
84,29 Lubelskie
75%
74,31 Zachodniopomorskie
65%
Nie znaleziono quizów pasujących do podanych kryteriów
Rozkład punktacji
Procent ludzi z każdym wynikiem
Percentyl według liczby udzielonych odpowiedzi
Twoja historia wyników
Nie rozwiązałeś tego quizu